Hình thức sinh hoạt Bài chòi ở Hội An

Hội An xưa và nay. Sinh hoạt hát Bài chòi ở Hội An. Sinh hoạt Bài chòi ở Hội An với việc phát triễn du lịch phổ cổ.

সংরক্ষণ করুন:
গ্রন্থ-পঞ্জীর বিবরন
প্রধান লেখক: Đỗ Thị Ngát
অন্যান্য লেখক: Nguyễn Xuân Hương TS (Hướng dẫn)
বিন্যাস: গ্রন্থ
ভাষা:Vietnamese
প্রকাশিত: Đà Nẵng Đà Nẵng Trường Đại học Sư phạm 2009
বিষয়গুলি:
ট্যাগগুলো: ট্যাগ যুক্ত করুন
কোনো ট্যাগ নেই, প্রথমজন হিসাবে ট্যাগ করুন!
Thư viện lưu trữ: Mạng thư viện Đại học Đà Nẵng
LEADER 01394nam a2200337 4500
001 000010921
003 7144
005 20111223091229.0
008 111223s2009 viesd
041 |a vie 
072 |a Khóa luận tốt nghiệp 
082 |a 398.8  |b ĐÔ-N 
100 1 |a Đỗ Thị Ngát 
245 1 |a Hình thức sinh hoạt Bài chòi ở Hội An  |c Đỗ Thị Ngát 
260 |a Đà Nẵng Đà Nẵng  |b Trường Đại học Sư phạm  |c 2009 
300 |a 68 tr.  |b ảnh  |c 29 cm 
500 |a Khóa luận tốt nghiệp Đại học. Chuyên ngành: Ngành Cử nhân Ngữ văn 
520 |a Hội An xưa và nay. Sinh hoạt hát Bài chòi ở Hội An. Sinh hoạt Bài chòi ở Hội An với việc phát triễn du lịch phổ cổ. 
653 |a Khóa luận tốt nghiệp Đại học 
653 |a Khoa Ngữ văn 
700 1 |a Nguyễn Xuân Hương  |c TS  |e Hướng dẫn 
OWN |a LSP 
AVA |a UDN50  |b LSP  |d 398.8 ĐÔ-N  |e available  |t Error 5001 Not defined in file expand_doc_bib_avail.  |f 1  |g 0  |h N  |i 0  |k 1 
999 |a From the UDN01 
AVA |a UDN50  |b LSP  |d 398.8 ĐÔ-N  |e available  |t Error 5001 Not defined in file expand_doc_bib_avail.  |f 1  |g 0  |h N  |i 0  |k 1 
TYP |a Monograph 
TYP |a Printed language 
980 |a Mạng thư viện Đại học Đà Nẵng